000 00496nam a22001937a 4500
003 MPLRDC
005 20220104143250.0
008 210129b ||||| |||| 00| 0 eng d
020 _a978-986-6582-59-2
082 _a415.271 ZMZ
100 _a张明志
245 _a癌症病房没告诉你的事
_c
250 _a第一版
260 _a台湾
_b天下杂志股份有限公司
_c2008
300 _b173
490 _a健康人生系列: 63
650 _a癌症
942 _cBK
_o415.271 ZMZ
999 _c38214
_d38204